|
|
|
|
| LEADER |
02899nam a2200409 a 4500 |
| 001 |
5198 |
| 003 |
BD-DhAAL |
| 005 |
20250821170416.0 |
| 008 |
090416s2000 bg a b 001 0 eng d |
| 010 |
|
|
|a 00411483
|
| 020 |
|
|
|a 9789840515554
|
| 020 |
|
|
|a 9840515551
|
| 040 |
|
|
|a DLC
|c DLC
|d BD-DhAAL
|
| 082 |
0 |
0 |
|a 618.4095492
|2 21
|
| 100 |
1 |
|
|a Afsana, Kaosar.
|9 38239
|
| 245 |
1 |
0 |
|a Discoursing birthing care :
|b experiences from Bangladesh /
|c Kaosar Afsana, Sabina Faiz Rashid.
|
| 264 |
|
|
|a Dhaka :
|b University Press,
|c 2000.
|
| 300 |
|
|
|a xii, 128 pages:
|b illustrations ;
|c 22 cm.
|
| 504 |
|
|
|a Includes bibliographical references (pages [121]-124) and index.
|
| 520 |
|
|
|a Study on notions, practices and quality of birthing and health care in rural women of Bangladesh; comprises case studies.
|
| 526 |
|
|
|a BIED
|
| 541 |
1 |
|
|a Complimentary copy from BIED ; Complimentary copy from Kaosar Afsana, Professor, James P. Grant School of Public Health (JPGSPH), BRAC University
|e 5198, 5199, 7701, 7702, 16476, 35980, 44645
|
| 650 |
|
0 |
|a Childbirth
|z Bangladesh.
|9 38241
|
| 650 |
|
0 |
|a Birth customs
|z Bangladesh.
|9 38240
|
| 650 |
|
0 |
|a Maternal health services
|z Bangladesh.
|9 38242
|
| 651 |
|
0 |
|a Bangladesh
|x Social life and customs.
|9 38243
|
| 700 |
1 |
|
|a Rashid, Sabina Faiz.
|9 38244
|
| 852 |
4 |
|
|a Ayesha Abed Library
|c General Stacks
|
| 942 |
|
|
|2 ddc
|c BK
|
| 999 |
|
|
|c 177
|d 177
|
| 952 |
|
|
|0 0
|1 0
|2 ddc
|4 0
|6 618_409549200000000_AFS
|7 0
|9 164
|a BRACUL
|b BRACUL
|c GEN
|d 2009-04-28
|g 250.00
|l 0
|o 618.4095492 AFS
|p 3010016476
|r 2009-04-28
|t 5
|v 500.00
|w 2009-04-28
|y BK
|
| 952 |
|
|
|0 0
|1 0
|2 ddc
|4 0
|6 618_409549200000000_AFS
|7 1
|9 3908
|a BRACUL
|b BRACUL
|c BRS
|d 2009-10-06
|g 250.00
|l 0
|o 618.4095492 AFS
|p 3010007701
|r 2009-10-06
|t 3
|v 500.00
|w 2009-10-06
|y BK
|
| 952 |
|
|
|0 0
|1 0
|2 ddc
|3 Need to change call number
|4 0
|6 392_154920000000000_AFS_2000
|7 0
|9 3959
|a BRACUL
|b BRACUL
|c GEN
|d 2009-10-07
|g 250.00
|l 0
|o 392.15492 AFS
|p 3010007702
|r 2009-10-07
|t 4
|v 500.00
|w 2009-10-07
|y BK
|
| 952 |
|
|
|0 0
|1 0
|2 ddc
|4 0
|6 618_409549200000000_AFS
|7 0
|9 43465
|a SCL
|b SCL
|c GEN
|d 2005-02-09
|g 250.00
|l 0
|o 618.4095492 AFS
|p 3020005198
|r 2014-08-26
|t 1
|w 2014-08-26
|y BK
|
| 952 |
|
|
|0 0
|1 0
|2 ddc
|4 0
|6 618_409549200000000_AFS
|7 0
|9 43575
|a SCL
|b SCL
|c GEN
|d 2005-02-13
|g 250.00
|l 0
|o 618.4095492 AFS
|p 3020005199
|r 2014-08-31
|t 2
|w 2014-08-31
|y BK
|
| 952 |
|
|
|0 0
|1 0
|2 ddc
|4 0
|6 618_409549200000000_AFS
|7 0
|9 67427
|a BRACUL
|b BRACUL
|c GEN
|d 2019-12-11
|e Complimentary copy from BIED
|l 0
|o 618.4095492 AFS
|p 3010035980
|r 2019-12-11
|t 6
|w 2019-12-11
|y BK
|x Transferred from BIED to General Stacks
|
| 952 |
|
|
|0 0
|1 0
|2 ddc
|4 0
|6 618_409549200000000_AFS
|7 0
|9 78032
|a BRACUL
|b BRACUL
|c NEW
|d 2025-08-21
|e Complimentary copy from Kaosar Afsana, Professor, James P. Grant School of Public Health (JPGSPH), BRAC University
|g 250.00
|l 1
|m 3
|o 618.4095492 AFS
|p 3010044645
|r 2025-12-07
|s 2025-11-10
|t 7
|v 500.00
|w 2025-08-21
|y BK
|x Complimentary copy from Kaosar Afsana, Professor, James P. Grant School of Public Health (JPGSPH), BRAC University
|